[Event "VIII Floripa Open 2022"]
[Site "Florianopolis"]
[Date "2022.01.29"]
[Round "8.2"]
[White "Rodriguez Vila, Andres"]
[Black "Delgado Ramirez, Neuris"]
[Result "1/2-1/2"]
[WhiteElo "2473"]
[BlackElo "2614"]
[Annotator "TA"]
[PlyCount "120"]
[EventDate "2022.01.24"]
[EventType "swiss"]
[EventCountry "BRA"]
[SourceTitle "playchess.com"]
[Source "ChessBase"]
[SourceQuality "1"]

{[%evp 16,120,13,15,24,15,62,62,56,56,82,71,108,25,58,24,26,5,15,-8,52,52,70,0,34,32,96,87,85,101,87,94,189,183,184,74,74,77,80,80,82,73,76,79,79,70,84,0,0,0,0,0,40,40,46,43,87,88,88,88,95,40,44,40,40,40,40,40,40,40,103,94,94,94,103,103,110,110,110,110,110,110,110,110,110,110,110,89,89,89,89,89,89,89,89,89,89,89,89,22,22,22,22,22,22,14,29987]} 1. e4 c5 2. Nf3 d6 3. d4 cxd4 4. Nxd4 Nf6 5. Nc3 a6 6. Be3 e5 7. Nf3 Be7 8. Bc4 O-O 9. O-O Bg4 {B90: Sicilian Najdorf: Unusual White 6th moves, 6 Be3 Ng4 and 6 Be3 e5.} 10. h3 Bh5 (10... Be6 $11 11. Bb3 Nc6) 11. g4 $14 Bg6 {White is slightly better.} 12. Nh4 $1 b5 (12... Bxe4 $2 13. g5 $18) 13. Bb3 Nbd7 (13... Bxe4 $2 14. Nxe4 Nxe4 15. Nf5 $18) 14. Nf5 ({White should try} 14. Nxg6 $16 hxg6 15. g5) 14... Nc5 {[#]} 15. Qf3 $146 ({Predecessor:} 15. Nd5 Bxf5 16. exf5 Nxd5 17. Bxd5 Rc8 18. Qd2 h6 19. Rad1 Bg5 20. Bxg5 Qxg5 21. Qxg5 hxg5 {1-0 (60) Korneev,O (2602)-Chernobay,A (2502) Moscow 2012}) 15... Nxb3 16. axb3 (16. Nxe7+ Qxe7 17. axb3 Qb7 $17) (16. cxb3 $5 {[%cal Rf5e7]} b4 17. Na4 $11) 16... b4 17. Ne2 (17. Na4 $5 {[%cal Ra4b6]}) 17... d5 (17... Bxf5 $11 18. Qxf5 g6) 18. Rfd1 $1 Bxf5 19. exf5 ({Better is} 19. Qxf5 $14 Qc8 20. Qxe5) 19... d4 20. c3 Rc8 (20... Re8 $14) 21. cxd4 $16 e4 22. Qg2 Rc2 {[%csl LRb2,LRe2]} 23. Ng3 {[%cal Od4d5] Threatens to win with d5!} Rxb2 (23... Nd5 $16 {was called for.}) 24. d5 $1 $18 (24. Rxa6 Nd5 25. Bc1 (25. Qxe4 Nc3 $17) 25... Rxb3 $11) 24... Rxb3 {[#]} 25. d6 (25. g5 $1 $18 {[%cal Rg5f6] is the precise move to win.} Nxd5 26. f6 (26. Qxe4 Rxe3 27. fxe3 Qc7 $11)) 25... Bxd6 $16 {[%cal Be7d6,Bd6f4,Bf4e3][%mdl 32]} 26. g5 Ne8 {[%cal Ob3e3]} 27. Nxe4 Rxe3 28. fxe3 Qb6 29. Qe2 a5 30. Rd5 Bf4 31. Rdxa5 {White is much more active. Black has bad knights.} ({Worse is} 31. Raxa5 Bxe3+ 32. Kg2 Nc7 $17) (31. Kg2 $16 Bxe3 32. Qc4 (32. Raxa5 Nc7 $17) (32. Rdxa5 b3 $11)) 31... Bxe3+ $11 32. Kg2 {Hoping for Ra6.} b3 33. Qb5 {Qxb6 is the strong threat.} Nd6 (33... Qd4 {looks sharper.} 34. R5a4 Qb2+ 35. Kf3 Nd6 36. Qe2 Qxe2+ 37. Kxe2 Nxe4 38. Rxe4 b2) 34. Qxb6 Bxb6 35. Ra6 (35. R5a4 {seems wilder.} Nxf5 36. Rb1 Nd4 37. Rb4 Ba7 38. Rc1) 35... Nxe4 (35... b2 $14 {is superior.} 36. Rh1 (36. Nxd6 bxa1=R 37. Rxa1 f6 $11) 36... Nc8) 36. Rxb6 $16 {Black must now prevent Ra4.} Nxg5 37. Rxb3 $14 {[%mdl 4096] Endgame KRR-KRN} Ne4 38. Rba3 (38. Re3 $16 Nd6 39. f6) 38... g6 $1 39. Kf3 Nf6 40. Kf4 Kg7 41. Ra8 Nh5+ 42. Kg5 h6+ (42... f6+ $14 43. Kg4 Rxa8 44. Rxa8 Kf7) 43. Kh4 Rxa8 44. Rxa8 $16 {KR-KN} Nf6 {[%cal Bh5f6,Bf6e4,Be4g5,Bg5e6,Be6g7,Bg7f5,Bf5e7,Be7g6][%mdl 32]} 45. fxg6 Kxg6 46. Kg3 Ne4+ 47. Kf4 Ng5 48. h4 Ne6+ 49. Kg3 Ng7 50. Ra6+ f6 51. Kg4 h5+ 52. Kf4 Nf5 53. Ra2 {White threatens Rg2+ and mate.} Ne7 54. Ke4 Kh6 55. Rf2 Kg6 56. Rf4 Kf7 {[#]} 57. Kd3 (57. Kf3 $1 $16) 57... Ng6 $11 {The position is equal.} 58. Ra4 f5 59. Ke3 Kf6 60. Ra6+ Ke5 $2 {[%mdl 40960] Weighted Error Value: White=0.15 (very precise) /Black=0.12 (very precise) . An unexpected result.} (60... Kf7 $11) 1/2-1/2

[Event "VIII Floripa Open 2022"]
[Site "Florianopolis"]
[Date "2022.01.29"]
[Round "8.3"]
[White "Bachmann, Axel"]
[Black "Hungaski, Robert"]
[Result "1/2-1/2"]
[WhiteElo "2594"]
[BlackElo "2521"]
[Annotator "TA"]
[PlyCount "124"]
[EventDate "2022.01.24"]
[EventType "swiss"]
[EventCountry "BRA"]
[SourceTitle "playchess.com"]
[Source "ChessBase"]
[SourceQuality "1"]

{[%evp 16,124,-19,-1,18,17,31,31,47,33,46,41,35,22,41,4,2,7,7,-4,-3,-2,77,-12,0,0,0,0,0,0,0,0,0,-43,-37,-55,-62,-51,-59,-89,-89,-89,-85,-86,-77,-119,-95,-106,-61,-122,-122,-119,-122,-145,-107,-286,0,-99,0,-111,0,-232,-227,-222,-222,-302,-302,-302,-302,-295,-287,-349,0,0,0,0,0,0,0,0,0,0,0,0,0,0,0,0,0,0,0,0,0,0,0,0,0,0,0,0,0,0,0,0,0,0,0,0,0,0,0]} 1. Nf3 d5 2. g3 Nf6 3. Bg2 e6 4. O-O c5 5. b3 Nc6 6. Bb2 Be7 7. d4 O-O 8. Nbd2 cxd4 9. Nxd4 Qb6 {D02: 1 d4 d5 2 Nf3 sidelines, including 2...Nf6 3 g3 and 2...Nf6 3 Bf4.} 10. e3 Rd8 11. c4 a5 {[%cal Oa5a4] [#] White is slightly better.} 12. a3 $146 ({Predecessor:} 12. cxd5 exd5 13. Qe2 a4 14. Qb5 Qxb5 15. Nxb5 a3 16. Bc3 Bf5 17. Rfc1 Nb4 18. Bxb4 Bxb4 {½-½ (48) Faibisovich,V (2410)-Votava,J (2545) Pardubice 1996}) 12... Bd7 13. cxd5 exd5 14. Qb1 Bf8 15. Nxc6 (15. Rd1 {keeps more tension.} Rac8 16. Nf5 Ne7 17. Bd4 Qe6 18. Nxe7+ Bxe7 19. Qb2) 15... bxc6 16. Bxf6 gxf6 17. Qd1 Be6 18. Qh5 c5 (18... Qc7 $11) 19. Bh3 ({Better is} 19. e4 $1 $16 {[%cal Re4d5]}) 19... a4 20. bxa4 Bxh3 21. Qxh3 Rxa4 22. Rfd1 Qe6 $36 {[%mdl 2048] Black is pushing.} 23. Qf1 Rda8 24. Qd3 (24. Nb1 $11 {feels stronger.}) 24... c4 $15 25. Qc2 Rxa3 26. Rxa3 Rxa3 27. Nb1 Ra5 28. Nc3 Bd6 $1 29. e4 dxe4 30. Nxe4 (30. Qxe4 $142 Bb4 31. Qd4) 30... Be7 31. Rd4 Qh3 (31... Ra1+ $17 32. Kg2 f5) 32. Nd2 (32. Qd1 $15) 32... Ra1+ $17 33. Nb1 {Rh4 is the strong threat.} Qe6 $1 {Strongly threatening ...Qe1+.} 34. Kg2 Qc6+ 35. Kh3 $2 (35. f3 $17) 35... Qe6+ $2 (35... Qc8+ $19 {is more deadly.} 36. Rg4+ Kh8 37. Qxc4 Qxc4 38. Rxc4 Rxb1) 36. Kg2 $1 Qc6+ (36... f5 $1 $17 {White must now prevent ...Qb6.} 37. Nc3 Bf6) 37. f3 {[#]} (37. Kh3 $1 $11 {was the only way to keep the balance.}) 37... Qb6 ({Black should play} 37... f5 $1 $17 {And now ...Qb6 would win.} 38. Nc3 Bf6) 38. Rg4+ $2 (38. Qxc4 $11 f5 39. Nd2) 38... Kh8 $19 39. Qxc4 h5 ({Inferior is} 39... Rxb1 40. Qxf7 Rb2+ 41. Kh3 Rxh2+ 42. Kxh2 Qf2+ 43. Kh3 Qf1+ 44. Kh2 Qf2+ 45. Kh3 Qf1+ 46. Kh2 Qf2+ $11) 40. Qc8+ Bd8 41. Rh4 Qxb1 {[%csl Ga1][%cal Rb1f1]} ({Weaker is} 41... Rxb1 42. Rxh5+ Kg8 43. Qg4+ Kf8 44. Rh8+ Ke7 45. Qe4+ Kd7 46. Qd3+ Ke7 {[#]} 47. Rxd8 $1 (47. Qe4+ Kd7 $14) 47... Rb2+ 48. Kh3 Qe6+ 49. g4 $11) 42. Rxh5+ Kg7 {[%csl Ga1][%cal Rb1f1]} 43. Qc4 {To avoid Qf1+} f5 $2 (43... Ra2+ $19 44. Kh3 f5 45. Rh7+ Kxh7 46. Qxf7+ Kh6 47. Qf8+ Kg6 48. Qg8+ Kf6 49. Qxd8+ Ke5 50. Qc7+ Kd4 51. Qf4+ Kd5) 44. Qd4+ $11 {The position is equal.} Kg6 {[%csl Ga1][%cal Rb1f1]} (44... Bf6 {is a self mate.} 45. Rg5+ Kf8 46. Qd6+ Be7 47. Qh6+ Ke8 48. Qc6+ Kd8 49. Rg8+) 45. Rh6+ $1 {[%mdl 64] Decoy} Kxh6 {[%csl Ga1][%cal Rb1f1]} 46. Qh8+ Kg6 {[%csl Ga1][%cal Rb1f1]} 47. Qg8+ Kf6 {[%csl Ga1][%cal Rb1f1]} 48. Qxd8+ Ke6 {[%csl Ga1][%cal Rb1f1]} 49. Qe8+ Kd6 {[%csl Ga1][%cal Rb1f1]} 50. Qd8+ Kc5 {[%csl Ga1][%cal Rb1f1]} 51. Qc7+ Kd4 {[%csl Ga1][%cal Rb1f1]} 52. Qd6+ $1 Kc4 {[%csl Ga1][%cal Rb1f1]} 53. Qc6+ Kd3 {[%csl Ga1][%cal Rb1f1]} 54. Qd5+ Ke2 {[%csl Ga1,Ge2][%cal Rb1f1]} 55. Qe5+ Kd1 56. Qd4+ Kc1 57. Qf4+ Kb2 {[%csl Ga1][%cal Rb1f1]} 58. Qb4+ $1 Kc2 {[%csl Ga1][%cal Rb1f1]} 59. Qc4+ Kd2 {( -> ...Qg1+)} 60. Qd4+ Kc1 61. Qf4+ Kc2 {[%csl Ga1][%cal Rb1f1]} 62. Qc4+ Kd2 {White happily takes the draw.  Weighted Error Value: White=0.21 (precise) /Black=0.22 (precise)} 1/2-1/2

[Event "VIII Floripa Open 2022"]
[Site "Florianopolis"]
[Date "2022.01.29"]
[Round "8.4"]
[White "Molina, Roberto Junio Brito"]
[Black "Supi, Luis Paulo"]
[Result "1/2-1/2"]
[WhiteElo "2420"]
[BlackElo "2581"]
[Annotator "TA"]
[PlyCount "123"]
[EventDate "2022.01.24"]
[EventType "swiss"]
[EventCountry "BRA"]
[SourceTitle "playchess.com"]
[Source "ChessBase"]
[SourceQuality "1"]

{[%evp 19,123,6,19,28,30,18,23,17,18,22,9,7,9,16,10,1,0,-29,0,0,4,-31,-32,-41,-39,-36,-30,-35,19,22,24,0,0,-53,0,-81,-62,-101,-54,-181,-181,-168,-157,-152,-61,-74,-70,-72,-61,-79,-59,-68,-60,-135,-138,-138,-99,-192,-175,-156,-116,-178,-124,-158,-79,-109,-127,-185,-181,-370,-235,-372,-327,-282,-207,-1511,-1510,-29951,-411,-406,-403,-360,-93,-343,-359,-347,-346,-542,-252,-550,-525,-309,-72,-88,-81,-127,0,-39,-19,-22,8,8,15,0,0,0]} 1. d4 Nf6 2. c4 g6 3. Nc3 Bg7 4. e4 d6 5. f3 O-O 6. Be3 c5 7. d5 e6 8. Qd2 exd5 9. cxd5 a6 10. a4 Re8 11. Be2 {A65: Modern Benoni: 6 e4.} b6 {11...h5 is a critical line.} 12. Bg5 {[#]} Qc7 $146 ({Predecessor:} 12... Qe7 13. Bd1 Nbd7 14. Nh3 h6 15. Bf4 g5 16. Bg3 Ne5 17. Nf2 Nh5 18. Be2 f5 {0-1 (37) Belous,M (2366)-Mihok,O (2516) Budapest 2017}) 13. Rc1 {White has an edge.} h5 14. b3 Nh7 15. Be3 Qe7 16. Bd3 Nd7 17. Nge2 Ne5 18. Bb1 Rb8 (18... b5 $5) 19. O-O b5 20. axb5 axb5 21. h3 Ba6 22. Rfe1 b4 23. Na4 Bxe2 (23... Nd7 $15) 24. Rxe2 $11 g5 25. Rf1 c4 {[%cal Bc5c4,Bc4c3][%mdl 32]} 26. Bc2 ({White should play} 26. f4 $11 c3 27. Qc1 gxf4 28. Rxf4) 26... h4 (26... c3 $15 27. Qc1 Ng6) 27. Nb6 (27. Qd1 $11 {keeps the balance.}) 27... c3 $17 28. Qe1 Ng6 (28... Nf6 $17 {Threatens to win with ...Nh5.} 29. Qf2 Nh5) 29. Qf2 (29. Nc4 $15) 29... Be5 $1 $19 {White must now prevent ...Bg3.} 30. Ra1 Bg3 $1 31. Qf1 Bf4 (31... Nf4 $17 32. Bxf4 Bxf4) 32. Bd4 Be5 33. Be3 Nf6 34. Nc4 Nh5 35. Ra7 Qf6 $36 {[%mdl 2048] Black has the initiative.} 36. Nxe5 (36. Qd1 $15) 36... Qxe5 $17 37. Re1 Ngf4 $1 38. Qf2 (38. Rd1 $17 Ng3 39. Qc4) 38... Ng3 $19 39. Bxf4 gxf4 40. Bd3 {[#]} (40. Rea1 $17) 40... Ra8 ({Better is} 40... Nf5 $1 $19 {[%mdl 512]} 41. Ra6 (41. Rc1 Ne3) 41... Qd4) 41. Rb7 Reb8 (41... Rec8 $142 $1 {[%cal Oc3c2] Hoping for ...c2!} 42. Bc2 Rcb8 43. Rxb8+ Rxb8) 42. Rxb8+ $17 Rxb8 43. Kh2 (43. Ra1 $17) 43... Ra8 $19 44. Bc4 $2 (44. Qb6 c2 45. Qb7 (45. Bxc2 Qc3 $11)) 44... Kg7 {aiming for ...Ra3.} 45. Rc1 (45. Bd3 $142 Ra3 46. Bc4) 45... Ra3 46. Re1 Ra5 47. Qb6 $2 (47. Rg1) 47... Ra2 48. Qxb4 {[#]} Nf5 $1 {[%mdl 512]} 49. Rc1 Ne3 50. Qxc3 Rxg2+ 51. Kh1 Kf6 {And now ...Rf2 would win.} 52. Qxe5+ Kxe5 {[%mdl 4096] Endgame KRB-KRN} 53. b4 (53. Re1 $142 Rg3 54. Be2) 53... Rb2 (53... Rf2 $142 54. Kg1 Rxf3) 54. b5 $2 (54. Ba6) 54... Kd4 55. Bf1 f6 $2 (55... Nxf1 $19 {and Black stays clearly on top.} 56. Rxf1 Ke3) 56. Kg1 $17 {[#]} Ke5 $1 57. Bd3 {[#]} (57. Ra1 $142) 57... Kd4 (57... Rg2+ $1 $17 58. Kh1 Kd4) 58. Bf1 $15 f5 59. exf5 {The position is equal.} Kxd5 60. Bd3 {Threatening Rb1.} Ke5 $1 61. Rc8 Nd5 62. Re8+ {And White is the lucky defender.  Weighted Error Value: White=0.66/Black=0.36} 1/2-1/2

[Event "VIII Floripa Open 2022"]
[Site "Florianopolis"]
[Date "2022.01.29"]
[Round "8.5"]
[White "Fier, Alexandr"]
[Black "Filgueiras, Nathan Felipe"]
[Result "1/2-1/2"]
[WhiteElo "2572"]
[BlackElo "2309"]
[Annotator "TA"]
[PlyCount "84"]
[EventDate "2022.01.24"]
[EventType "swiss"]
[EventCountry "BRA"]
[SourceTitle "playchess.com"]
[Source "ChessBase"]
[SourceQuality "1"]

{[%evp 9,84,8,4,16,22,14,38,8,3,20,14,0,0,-39,-41,-43,-50,-56,-29,-89,-46,-56,-17,-75,0,0,0,0,0,0,0,0,0,0,0,-41,-34,-62,-27,-54,-29,-65,0,-25,0,0,97,97,436,518,495,506,371,87,652,560,515,-16,-23,-807,-798,-748,-736,-660,0,0,0,0,0,0,0,0,0,0,0,0,0]} 1. e4 c5 2. Nc3 Nc6 3. Nge2 Nf6 4. g3 h5 5. d4 cxd4 6. Nxd4 {[#] B23: Closed Sicilian: Lines without g3.} h4 $146 ({Predecessor:} 6... d6 7. Bg2 Bg4 8. Qd2 Rc8 9. h3 Bd7 10. f4 e6 11. Nf3 Qb6 12. Qf2 Qxf2+ 13. Kxf2 {0-1 (58) Skvortsov,A (2128)-Adly,A (2611) Chess.com INT 2019}) 7. Bg2 {[%cal Bf1g2,Bg2f3,Bf3e2,Be2d3][%mdl 32]} e6 8. Be3 {White is slightly better.} h3 9. Bf3 Bb4 10. O-O Ne5 11. Be2 Bxc3 12. bxc3 Nxe4 13. Nb5 d5 14. f4 (14. f3 $11 {keeps the balance.} Nd6 15. Nxd6+ Qxd6 16. f4) 14... Nc6 {Pair of Knights!} (14... Nd7 $17 15. Qd4 O-O) 15. Bd3 a6 16. Nd4 (16. Bxe4 $11 axb5 17. Bd3) 16... Nxc3 (16... Qc7 $17) 17. Qe1 $11 {Black must now prevent Nxc6.} Ne4 18. Nxc6 bxc6 19. Bxe4 dxe4 20. Rd1 $1 Qc7 21. Bc5 $1 {And now Qe3 would win.} f5 22. Rd4 (22. Kh1 $11 {is superior.}) 22... Kf7 23. Qd2 Kg6 24. Rd6 {[%cal Og3g4]} Rb8 25. a4 {[%cal Og3g4] Prevents Rb5.} Rb2 (25... Kh7 $15) 26. Qc3 (26. g4 $5 {[%cal Rg4f5]} Rh6 27. Qc3 $11 (27. Qd4 $2 Rxc2 28. Kh1 Kh7 $19)) 26... Qb7 27. g4 {[%cal Bg3g4,Bg4f5][%mdl 32] aiming for gxf5+. Really sharp!} Rb1 (27... Rh6 $1 $11) 28. gxf5+ $16 Kf7 $2 {[%mdl 8192]} (28... Kxf5 $16 29. Qe5+ Kg6) 29. Qc4 $1 $18 {[%csl LRe4,LRe6][%cal Rd6e6] White threatens Rxe6 and mate.} Rxf1+ 30. Kxf1 {[%cal Rd6e6] Rxe6 would kill now.} Re8 31. Kf2 $2 (31. fxe6+ $18 Bxe6 32. Rxe6 $1 {[%mdl 512]} (32. Qxe4 Qe7 $11) 32... Rxe6 33. f5) 31... Qb2 $2 {[%mdl 8192]} (31... Kg8 $16) 32. Rxc6 Qc1 33. Be3 {To avoid Qd2+} ({Weaker is} 33. fxe6+ Bxe6 34. Qxe4 Qd2+ 35. Kg3 Bd7 36. Qc4+ Be6 $11) (33. Rc7+ $18 Kg8 34. Bd4 (34. Qxe4 Qd2+ 35. Kg3 Qc3+ 36. Qd3 Qxd3+ 37. cxd3 exf5 $16) 34... Qxf4+ 35. Ke1 Qh4+ 36. Kd2 Qg5+ 37. Kc3) 33... Qh1 $11 {Hoping for ...Qf3+.} 34. Qd4 $2 {[%mdl 8192]} (34. Qc5 $11 Qxh2+ 35. Ke1 Qg3+ 36. Bf2) 34... Qxh2+ $19 35. Ke1 Qh1+ 36. Bg1 {[#]} h2 $2 (36... Re7 $1 $19 {( -> ...h2)} 37. fxe6+ (37. Rxc8 $2 h2 $19) 37... Bxe6 38. Rxe6 Rxe6 39. Qd7+ Kf6 40. Qd8+ Re7 41. Qd6+ Kf5 42. Qxe7 Qxg1+ 43. Ke2 Qg2+ 44. Ke1 Kg4 45. Qd7+ Kf3 46. Qd1+ Kg3) 37. Rc7+ $11 {The position is equal.} Re7 38. Rxe7+ Kxe7 39. Qxg7+ Kd8 40. Qf8+ Kc7 41. Qc5+ Kd8 $1 (41... Kb7 $2 {is a self mate.} 42. Qb6+ Ka8 43. Qa7#) 42. Qf8+ Kc7 {What a bad dream for Black.  Weighted Error Value: White=0.65/Black=0.58} 1/2-1/2

[Event "VIII Floripa Open 2022"]
[Site "Florianopolis"]
[Date "2022.01.29"]
[Round "8.6"]
[White "Gazel, Frederico"]
[Black "Mekhitarian, Krikor Sevag"]
[Result "0-1"]
[WhiteElo "2279"]
[BlackElo "2562"]
[Annotator "TA"]
[PlyCount "92"]
[EventDate "2022.01.24"]
[EventType "swiss"]
[EventCountry "BRA"]
[SourceTitle "playchess.com"]
[Source "ChessBase"]
[SourceQuality "1"]

{[%evp 10,92,0,-14,-9,-8,0,-8,-10,-8,0,-10,-8,0,0,-28,-16,-20,-21,-20,-12,-13,-6,-45,-47,-36,-41,-82,-88,-91,-85,-89,-81,-81,-79,-81,-81,-106,-81,-81,-81,-93,-81,-105,-102,-114,-105,-102,-102,-103,-102,-102,-102,-102,-101,-108,-105,-398,-410,-391,-408,-389,-391,-404,-401,-698,-697,-642,-608,-711,-704,-704,-683,-683,-704,-678,-638,-784,-772,-756,-741,-722,-710,-686,-659]} 1. d4 d5 2. Nf3 Nf6 3. Bf4 c5 4. e3 Nc6 5. c3 Qb6 6. Qc2 Nh5 {D02: 1 d4 d5 2 Nf3 sidelines, including 2...Nf6 3 g3 and 2...Nf6 3 Bf4.} 7. dxc5 Qxc5 8. Nbd2 Nxf4 {The position is equal.} 9. exf4 g6 {[#]} 10. Rd1 $146 ({Predecessor:} 10. Nb3 Qd6 11. g3 Bg7 12. h4 Bg4 13. Bg2 O-O 14. O-O b5 15. Rfe1 Rfc8 16. Qd2 {0-1 (26) Van Gemert,J (1807)-Hummel,E (2264) Vlissingen 2017}) 10... Bg7 11. Nb3 Qd6 12. g3 {[%cal Of1c4]} O-O 13. Bg2 Qc7 14. Qe2 ({Reject} 14. Rxd5 {[#]} Nb4 $1 {[%mdl 512]} 15. Qe4 Nxd5 16. Qxd5 a5 $17) 14... e6 15. O-O Rb8 16. h4 b5 $1 17. a3 {To avoid b4} a5 18. Nbd4 (18. Ra1 $15) 18... b4 $17 19. axb4 Nxd4 20. Nxd4 axb4 21. Rc1 Qb6 {[#] White must now prevent ...Ba6.} 22. Qe3 Bd7 23. h5 Rfc8 24. hxg6 hxg6 25. Rfe1 Rc7 26. Rcd1 Rbc8 {[%cal Rb4c3]} 27. Rd3 bxc3 28. bxc3 Qb2 {[%cal Rc7c3]} 29. Re2 Qa1+ 30. Re1 Qa5 {[%cal Rc7c3]} 31. Rc1 Rc4 32. Ne2 Bb5 $36 {[%mdl 2048] Black is really pushing. Black is more active.} 33. Bf1 $2 {[%mdl 8192] This costs White the game.} (33. Rdd1 $17) 33... Re4 $19 34. Qd2 Bxd3 35. Qxd3 Rec4 {[%cal Od5d4,Be4c4,Bc4c3,Bc3c2,Bc2b2][%mdl 32]} 36. Rd1 Bxc3 37. Nxc3 (37. Rb1 $142) 37... Rxc3 {Black is clearly winning.} 38. Qd2 Qc5 39. Kg2 Rc2 40. Qe1 Qc3 41. Qxc3 R8xc3 {KRR-KRB} 42. Bd3 Rb2 43. Kf1 Ra3 44. Kg1 Raa2 45. Rf1 Rd2 46. Bb5 Kf8 {Weighted Error Value: White=0.38/Black=0.03 (flawless)} 0-1

[Event "VIII Floripa Open 2022"]
[Site "Florianopolis"]
[Date "2022.01.29"]
[Round "8.7"]
[White "Cuenca Jimenez, Jose Fernando"]
[Black "Ferreira, Thales Bond Dias"]
[Result "1-0"]
[WhiteElo "2552"]
[BlackElo "1970"]
[Annotator "TA"]
[PlyCount "119"]
[EventDate "2022.01.24"]
[EventType "swiss"]
[EventCountry "BRA"]
[SourceTitle "playchess.com"]
[Source "ChessBase"]
[SourceQuality "1"]

{[%evp 26,119,15,0,25,23,38,24,31,37,37,37,34,30,41,40,31,37,89,48,103,63,48,55,67,60,78,75,70,39,55,52,116,113,234,189,174,189,203,201,202,197,175,29,47,27,22,22,16,19,28,13,27,27,27,35,43,19,19,29,40,19,43,77,67,0,0,0,0,0,219,0,0,0,0,0,0,0,0,0,0,0,0,0,0,0,0,0,0,0,3,0,29985,29986,29992,29993]} 1. d4 Nf6 2. c4 e6 3. Nc3 Bb4 4. Qc2 c5 5. dxc5 O-O 6. Nf3 Na6 {[%cal Bb8a6,Ba6c5,Bc5e4][%mdl 32]} 7. g3 Nxc5 8. Bg2 Nce4 9. O-O Nxc3 10. bxc3 Be7 11. e4 d6 12. e5 dxe5 13. Nxe5 Qc7 14. Qe2 Nd7 {The modern move. E39: Nimzo-Indian: Classical: 4...c5 5 dxc5 0-0.} 15. Bf4 {[%cal Oe5g6]} Bd6 {[%cal Rd6e5]} 16. Nxd7 Bxd7 {White has an edge.} 17. Bxd6 Qxd6 18. Bxb7 Rab8 19. Rab1 Bc6 {[#]} 20. Rfd1 $1 Qc5 (20... Qc7 21. Bxc6) 21. Bxc6 Qxc6 {[#]} (21... Rxb1 $14 22. Rxb1 Qxc6) 22. Rb4 $146 (22. Rxb8 $16 {White wants to mate with Rdd8.} Rxb8 23. Qe5) ({Predecessor:} 22. Rxb8 Rxb8 23. Qe5 Rc8 24. Qa5 h6 25. Rd8+ Rxd8 26. Qxd8+ Kh7 27. Qd4 {1-0 (37) Fridman,D (2667)-Womacka,M (2442) Caleta 2013}) 22... Qc5 (22... Rbc8 $14) 23. Qb2 Rbc8 24. Rd4 a6 25. Qd2 h6 26. h4 Rc6 27. Rd8 Rxd8 28. Qxd8+ $14 {[%mdl 4096] Endgame KQR-KQR} Qf8 (28... Kh7 $1 $14) 29. Qd7 $16 {White is much more active.} Qc8 (29... Rd6 $16 30. Qc7 Rd1+ 31. Kg2 Qd6 32. Qxd6 Rxd6) 30. Qa7 Rc7 {[#]} 31. Rb8 $1 {[%mdl 512] Threatening mate with Qxc7.} Rxa7 (31... Kh7 32. Qa8) 32. Rxc8+ $18 {KR-KR} Kh7 33. Kg2 Rd7 {[#]} 34. Rc6 (34. Kf3 $1 $18) 34... Rd3 $11 35. Rxa6 {And now Ra3 would win.} Rxc3 36. Ra4 Kg6 37. Kf1 Kf5 38. Ke2 Rc2+ 39. Ke3 e5 40. h5 g6 41. Ra7 f6 42. g4+ Kg5 43. hxg6 Kxg6 44. Kd3 Rxf2 45. c5 (45. a4 $1 $14) 45... Rf1 $1 46. Ke4 {Threatens to win with c6.} Rc1 ({But not} 46... Rf4+ 47. Kd5 Rd4+ 48. Ke6 $14) 47. Kd5 {Hoping for c6.} Kg5 $2 {[#]} (47... Rd1+ $11 48. Kc4 Rc1+ 49. Kd5 Rd1+ 50. Kc4 Rc1+ 51. Kd5) 48. Rg7+ $2 (48. c6 $1 $18 {[%cal Rc6c7]}) 48... Kf4 49. Rg6 Rd1+ 50. Kc4 Rc1+ 51. Kd5 Rd1+ 52. Ke6 {c6 is the strong threat.} e4 {White must now prevent ...e3.} 53. c6 e3 {aiming for ...e2.} 54. c7 e2 55. c8=Q e1=Q+ 56. Kf7 {Chess con chili.} Qe5 57. Rxf6+ Kg3 58. Rf5 Rd8 $2 {[%mdl 8192]} 59. Qxd8 ({Weaker is} 59. Rxe5 Rxc8 60. Re4 Rc7+ 61. Ke6 Kf3 $16) 59... Qxf5+ 60. gxf5 {Weighted Error Value: White=0.16 (very precise) /Black=0.36} 1-0

[Event "VIII Floripa Open 2022"]
[Site "Florianopolis"]
[Date "2022.01.29"]
[Round "8.8"]
[White "Languidey, Simon Alejandro"]
[Black "Cubas, Jose Fernando"]
[Result "0-1"]
[WhiteElo "2403"]
[BlackElo "2469"]
[Annotator "TA"]
[PlyCount "68"]
[EventDate "2022.01.24"]
[EventType "swiss"]
[EventCountry "BRA"]
[SourceTitle "playchess.com"]
[Source "ChessBase"]
[SourceQuality "1"]

{[%evp 14,68,0,-4,-4,0,0,-14,-18,-13,-9,-9,-28,-33,-27,-28,-16,-37,0,0,0,1,0,-5,35,39,41,31,74,62,46,17,58,31,16,0,28,-57,-71,-63,-73,-70,-70,-481,-483,-631,-653,-689,-690,-681,-674,-661,-654,-704,-683,-769,-747]} 1. e4 c5 2. Nc3 Nc6 3. g3 g6 4. Bg2 Bg7 5. d3 d6 6. Nge2 e5 7. O-O Nge7 8. Bg5 {Recently 8.f4 got a lot of attention.} f6 {B25: Closed Sicilian: 3 g3, lines without early Be3.} 9. Be3 O-O 10. f4 Nd4 {The position is equal.} 11. Qd2 Bg4 12. h3 Be6 {[#]} 13. Kh2 $146 ({Predecessor:} 13. Nd1 Qd7 14. Kh2 f5 15. c3 Nxe2 16. Qxe2 exf4 17. Bxf4 fxe4 18. dxe4 Nc6 19. Ne3 Ne5 20. Nd5 Bxd5 {½-½ (20) Do,D (2216)-Bach,N (2239) Hanoi 2020}) 13... Qd7 14. Rae1 Rac8 15. a4 {[%cal Ba2a4,Ba4a5][%mdl 32]} a6 16. a5 $1 Rce8 17. b3 {[%cal Bb2b3,Bb3b4][%mdl 32]} Qc7 18. Na4 Nc8 19. b4 Qc6 20. Nb2 {[%cal Of4f5]} Qb5 {[#]} (20... Ne7 $14) 21. c4 $1 $16 Qd7 22. Rb1 f5 (22... Nxe2 $11 23. Qxe2 cxb4) 23. bxc5 dxc5 24. exf5 Bxf5 25. Nc3 (25. fxe5 $11 Nxe2 26. Bd5+ Be6 27. Rxf8+ Bxf8 28. Qxe2) 25... exf4 26. Bxf4 {Black must now prevent Nba4.} Nb3 $1 {[%csl LRa5,LRd2]} 27. Qc2 Bxc3 {Black is more active.} 28. Bd5+ $2 {[%mdl 8192] This costs White the game.} ({Not} 28. Qxc3 $2 Re2 29. Rbe1 {[#]} Rxg2+ $1 {[%mdl 512]} 30. Kxg2 Bxh3+ 31. Kg1 Nd4 $19) (28. Nd1 $1 $15 Qxd3 29. Qxb3) 28... Be6 $19 {Black is clearly winning.} 29. Bxe6+ Rxe6 30. Nd1 {[#]} Nd2 $1 {[%mdl 512]} 31. Nxc3 Nxf1+ 32. Rxf1 g5 33. Nd5 gxf4 34. gxf4 Ne7 {Weighted Error Value: White=0.37/Black=0.08 (flawless)} 0-1